The 3rd Thing You Need to Know: Film Series Quiz Stats

 Plays Quiz Updated Jan 15, 2019

Support Sporcle.
Go Orange.
Score 0/20 Timer 04:00
2 Plays Today
% Correct
Star Wars
94.3%
Jaws
94.2%
Police Academy
93%
Mad Max
90.8%
The Pink Panther
90.2%
Harry Potter
88.3%
Night of the Living Dead
86.8%
Transformers
81.5%
Transporter
78.4%
Alien
78%
% Correct
Hellraiser
76%
Jurassic Park
75.8%
Scary Movie
75.8%
Friday the 13th
73.7%
James Bond
72.1%
Halloween
69.8%
Godzilla
68%
The Thin Man
63.4%
Planet of the Apes
59.9%
National Lampoon's Vacation
58.4%

You're not logged in!

Compare scores with friends on all Sporcle quizzes.
OR
Log In
Forgot?

From the Vault

2010s Movie Villains

by Pilgab

Movies 4m
Thanos told us this quiz was a snap.
Remove Ads.
Support Sporcle.
Get the best of Sporcle when you Go Orange. This ad-free experience offers more features, more stats, and more fun while also helping to support Sporcle. Thank you for becoming a member.

Show Comments

Extras

Top Quizzes Today


Score Distribution

Your Account Isn't Verified!

In order to create a playlist on Sporcle, you need to verify the email address you used during registration. Go to your Sporcle Settings to finish the process.

Report this User

Report this user for behavior that violates our Community Guidelines.

Details: